000 00742nab a2200241 u 4500
001 21186
003 HDC
007 cr bn ---aaaaa
008 210306c20091219xx dr|noo 0 a eng d
040 _aHDC
245 0 _aUK Supermarkets seize chance for land grab
300 _a1 online resource
336 _atext
_2rdacontent
337 _acomputer
_2rdamedia
338 _aonline resource
_2rdacarrier
650 _aRetail sector
_918804
650 _asupermarkets
_97133
710 _aHalal Focus
856 _zRequest full-text at [email protected]
942 _2lcc
942 _cNEWS
942 _kNWSO 006495
999 _c18502
_d18502